| 000 | 01196nam a2200313 c 4500 | ||
|---|---|---|---|
| 003 | BLK | ||
| 005 | 20230401030301.0 | ||
| 008 | 180411b bul|||||r ||||||| ||bul|| | ||
| 010 | _aKNG00198141000 | ||
| 040 | _aBLK | ||
| 041 |
_aBUL _cBUL |
||
| 080 |
_aБългарска литература _b821.163.2 _x-94 _z821.163.2-94 |
||
| 700 | 1 |
_aКаранфилов, Ефрем _eпредг. от _9367837 |
|
| 139 |
_aЯворов, Пейо _bЯ 18 |
||
| 245 | 1 | 0 |
_aХайдушки копнения _bСпомени от Македония 1902 - 1903 _cПейо Яворов; предг. от Ефрем Каранфилов. |
| 250 | _aНово изд. | ||
| 257 | _aBGR | ||
| 260 |
_аСофия _bБълг. писател _c1987 |
||
| 300 |
_a168 с. _c17 см |
||
| 380 | _aX | ||
| 490 | 1 | _aБългарска сбирка | |
| 500 | _aВ кн. означено 4. самостоятелно изд. - 40 112 тир. | ||
| 852 | _aЦб І 23200 | ||
| 856 | 4 |
_qpdf _u |
|
| 856 | 4 |
_qpdf _u |
|
| 942 |
_cKNG _n0 |
||
| 944 |
_aCR _c14.12.2016 _kНора_Радева |
||
| 944 |
_aED _c14.12.2016 _kНора_Радева |
||
| 999 |
_c189117 _d189117 |
||